Statystyki dla 100 największych miast w Niemczech!

Kliknij tutaj aby rozwiązać quiz!

Ogólne statystyki

  • Ten quiz został rozwiązany 742 razy
    (717 od ostatniego zresetowania)
  • Średni wynik to 41 z 100

Statystyki odpowiedzi

NrMiastaLandyLudność% Poprawnych
1Berlin-3,562,166
99%
3Monachium / MünchenBawaria1,407,836
96%
2Hamburg-1,751,775
95%
4Kolonia / KölnNadrenia Północna-Westfalia1,034,175
92%
12Drezno / DresdenSaksonia531,806
91%
5Frankfurt nad Menem / FrankfurtHesja701,350
91%
8DortmundNadrenia Północna-Westfalia575,944
90%
11Lipsk / LeipzigSaksonia531,809
88%
10Brema / BremenFree Hanseatic City of _547,976
86%
6DüsseldorfNadrenia Północna-Westfalia598,686
84%
13Hanower / HannoverDolna Saksonia518,386
83%
7StuttgartBadenia-Wirtembergia597,939
82%
9EssenNadrenia Północna-Westfalia569,884
81%
14Norymberga / NürnbergBawaria495,121
81%
32Kilonia / KielSzlezwik-Holsztyn232,242
76%
20BonnNadrenia Północna-Westfalia306,016
74%
39RostockMeklemburgia-Pomorze Przednie198,964
72%
15DuisburgNadrenia Północna-Westfalia488,005
66%
26AugsburgBawaria257,836
65%
33MagdeburgBadenia-Wirtembergia229,755
64%
16BochumNadrenia Północna-Westfalia390,087
63%
41Moguncja / MainzNadrenia-Palatynat185,293
63%
19MannheimBadenia-Wirtembergia308,385
62%
28Akwizgran / AachenNadrenia Północna-Westfalia245,778
61%
18BielefeldNadrenia Północna-Westfalia323,373
61%
35Lubeka / LübeckSzlezwik-Holsztyn213,496
60%
22GelsenkirchenNadrenia Północna-Westfalia276,740
59%
`17WuppertalNadrenia Północna-Westfalia364,784
59%
78Chociebuż / CottbusBrandenburgia105,954
56%
38ErfurtTuryngia200,126
55%
24MünsterNadrenia Północna-Westfalia267,197
55%
27ChemnitzSaksonia255,798
54%
21KarlsruheBadenia-Wirtembergia279,578
54%
57Ratyzbona / RegensburgBawaria127,198
53%
66UlmBadenia-Wirtembergia118,347
53%
49LeverkusenNadrenia Północna-Westfalia160,829
51%
43SaarbrückenSaara182,858
50%
75JenaTuryngia107,679
49%
29Brunszwik / BraunschweigDolna Saksonia245,516
46%
54DarmstadtHesja138,457
46%
23WiesbadenHesja271,076
46%
40KasselHesja194,748
45%
53PaderbornNadrenia Północna-Westfalia140,869
45%
55PotsdamBranderburgia130,435
45%
30Halle / SalleSaksonia-Anhalt243,045
44%
25MönchengladbachNadrenia Północna-Westfalia262,963
44%
68IngolstadtBawaria117,311
43%
60WolfsburgDolna Saksonia121,887
42%
47OsnabrückDolna Saksonia164,195
41%
84KaiserslauternNadrenia-Palatynat99794
37%
59Getynga / GöttingenDolna Saksonia123,822
36%
64BremerhavenFree Hanseatic City of _118,701
35%
77Trewir / TrierNadrenia-Palatynat106,544
35%
36Fryburg Bryzgowijski / Freiburg im BreisgauBadenia-Wirtembergia208,294
34%
56WürzburgBawaria129,915
34%
83ZwickauSaksonia101,726
34%
74Koblencja / KoblenzNadrenia-Palatynat107,730
30%
34OberhausenNadrenia Północna-Westfalia221,619
30%
52HeidelbergBadenia-Wirtembergia141,509
28%
31KrefeldNadrenia Północna-Westfalia239,559
26%
50OldenburgDolna Saksonia155,908
26%
99Tybinga / TübingenBadenia-Wirtembergia82444
25%
97FlensburgSzlezwik-Holsztyn84480
24%
91SchwerinMeklemburgia-Pomorze Przednie91583
23%
71FürthBawaria111,257
22%
42HammNadrenia Północna-Westfalia183,805
21%
62HeilbronnBadenia-Wirtembergia120,163
21%
72GeraTuryngia109,926
20%
37HagenNadrenia Północna-Westfalia202,060
18%
46SolingenNadrenia Północna-Westfalia165,032
18%
73SiegenNadrenia Północna-Westfalia108,397
17%
61BottropNadrenia Północna-Westfalia120,780
16%
82ErlangenBawaria101,912
16%
95LudwigsburgBadenia-Wirtembergia87502
15%
70ReutlingenBadenia-Wirtembergia111,338
15%
100Villingen-SchwenningenBadenia-Wirtembergia81691
15%
81WittenNadrenia Północna-Westfalia103,158
14%
79Bergisch GladbachNadrenia Północna-Westfalia105,569
13%
51NeussNadrenia Północna-Westfalia150,957
13%
65Offenbach am MainHesja118,429
13%
80HildesheimDolna Saksonia103,717
12%
76MoersNadrenia Północna-Westfalia107,421
12%
67PforzheimBadenia-Wirtembergia118,002
12%
58RecklinghausenNadrenia Północna-Westfalia124,587
12%
96WilhelmshavenDolna Saksonia84994
12%
88DürenNadrenia Północna-Westfalia92292
11%
44HerneNadrenia Północna-Westfalia174,018
11%
86GüterslohNadrenia Północna-Westfalia95459
10%
48Ludwigshafen am RheinNadrenia-Palatynat162,458
9%
63RemscheidNadrenia Północna-Westfalia118,753
9%
94HanauHesja88801
8%
85IserlohnNadrenia Północna-Westfalia98865
8%
98MindenNadrenia Północna-Westfalia82898
8%
69SalzgitterDolna Saksonia111,696
8%
92Esslingen am NeckarBadenia-Wirtembergia90905
7%
89LünenNadrenia Północna-Westfalia92005
7%
45Mülheim an der RuhrNadrenia Północna-Westfalia172,332
6%
87MarlNadrenia Północna-Westfalia92628
5%
90RatingenNadrenia Północna-Westfalia91793
5%
93VelbertNadrenia Północna-Westfalia89823
4%

Rozkład punktacji

Percentyl według liczby udzielonych odpowiedzi

Procent ludzi z każdym wynikiem

Twoja historia wyników

Nie rozwiązałeś tego quizu od ostatniego zresetowania